[Event "Online Olym Div3 A 2021"]
[Site "chess.com INT"]
[Date "2021.08.28"]
[Round "6.3"]
[Board "5"]
[White "Laohawirapap, Prin"]
[Black "Coates, Alex"]
[Result "1-0"]
[WhiteTitle "CM"]
[WhiteElo "2125"]
[BlackElo "1288"]
[WhiteTeam "Thailand"]
[BlackTeam "New Zealand"]
[WhiteFideId "6205003"]
[BlackFideId "4311540"]
[EventDate "2021.08.27"]
[EventType "team"]

1. e4 e6 2. d3 d5 3. Nd2 Nf6 4. Ngf3 c5 5. g3 Nc6 6. Bg2 Be7 7. O-O O-O 8. Re1
a6 9. e5 Nd7 10. Nf1 b5 11. h4 c4 12. h5 h6 13. d4 Re8 14. Bf4 Kh7 15. g4 b4 16.
Ng3 Bg5 17. Nxg5+ hxg5 18. Be3 f6 19. exf6 Qxf6 20. Qd2 Rf8 21. c3 bxc3 22. bxc3
Kh6 23. Rf1 e5 24. dxe5 Ncxe5 25. f4 1-0

[Event "Online Olym Div3 A 2021"]
[Site "chess.com INT"]
[Date "2021.08.28"]
[Round "6.3"]
[Board "6"]
[White "Ning, Isabelle Yixuan"]
[Black "Chuemsakul, Sarocha"]
[Result "1/2-1/2"]
[WhiteTitle "WCM"]
[BlackTitle "WFM"]
[WhiteElo "1774"]
[BlackElo "1686"]
[WhiteTeam "New Zealand"]
[BlackTeam "Thailand"]
[WhiteFideId "4307763"]
[BlackFideId "6203710"]
[EventDate "2021.08.27"]
[EventType "team"]

1. d4 Nf6 2. c4 g6 3. Nc3 Bg7 4. e4 d6 5. h3 O-O 6. Be3 Nc6 7. d5 Ne5 8. f4 Ned7
9. Bd3 Ne8 10. g4 e6 11. Qd2 exd5 12. exd5 a5 13. O-O-O Nc5 14. Bc2 Nf6 15. f5
Re8 16. Bh6 Nfe4 17. Nxe4 Nxe4 18. Bxe4 Rxe4 19. Bxg7 Kxg7 20. Qc3+ Qf6 21. Qd3
gxf5 22. Nf3 Bd7 23. Rhg1 Kh8 24. Nd4 Qg5+ 25. Kb1 Re3 26. Qd2 f4 27. Nc2 Re4
28. Qd3 Rae8 29. Qc3+ Qe5 30. Qxa5 Rxc4 31. Rge1 Re4 32. Rxe4 Qxe4 33. Re1 Qc4
34. Rxe8+ Bxe8 35. b3 Qf1+ 36. Kb2 b6 37. Qc3+ Kg8 38. Qxc7 Qd3 39. Qd8 Qe4 40.
Qxd6 f3 41. Qxb6 Qxd5 42. Qe3 Bb5 43. Nd4 Bc6 44. Nf5 Qe4 45. Qg5+ Kf8 46. Qg7+
Ke8 47. Qg8+ Kd7 48. Qxf7+ Kd8 49. Qf8+ Kc7 50. Qd6+ Kb7 51. Qc5 Qe2+ 52. Ka3
Qa6+ 53. Kb4 f2 54. Qxf2 Qb5+ 55. Kc3 Qe5+ 56. Qd4 Qe1+ 57. Qd2 Qe5+ 58. Kc2
Be4+ 59. Kd1 Bf3+ 60. Kc2 Be4+ 61. Kd1 Bf3+ 62. Kc2 Be4+ 1/2-1/2

[Event "Online Olym Div3 A 2021"]
[Site "chess.com INT"]
[Date "2021.08.28"]
[Round "6.4"]
[Board "1"]
[White "Lee, Jun Hyeok"]
[Black "Liyanage, Ranindu Dilshan"]
[Result "1-0"]
[WhiteTitle "IM"]
[BlackTitle "CM"]
[WhiteElo "2404"]
[BlackElo "2203"]
[WhiteTeam "South Korea"]
[BlackTeam "Sri Lanka"]
[WhiteFideId "13202340"]
[BlackFideId "9915834"]
[EventDate "2021.08.27"]
[EventType "team"]

1. e4 c5 2. Nf3 d6 3. d4 cxd4 4. Nxd4 Nf6 5. Nc3 a6 6. Bg5 e6 7. f4 Be7 8. Qf3
Qc7 9. O-O-O Nbd7 10. g4 h6 11. Bxf6 Bxf6 12. h4 Nb6 13. g5 Bxd4 14. Rxd4 Qc5
15. Qd3 hxg5 16. b4 Qc7 17. fxg5 Bd7 18. g6 f6 19. Rxd6 Rc8 20. Qd4 Na8 21. Kb2
Ke7 22. e5 fxe5 23. Qxe5 Qxc3+ 24. Qxc3 Rxc3 25. Rxd7+ Kxd7 26. Kxc3 Nb6 27. Bg2
Rc8+ 28. Kb3 Kc7 29. h5 Nd7 30. Rf1 Ne5 31. Re1 Kd6 32. c4 Nxc4 33. Rxe6+ Kxe6
34. Bh3+ Kf6 35. Bxc8 Nd6 36. Bg4 Kg5 37. Bf3 b5 38. Kc3 Nf5 39. Bb7 Kxh5 40.
Bxa6 Nd6 41. Kd4 Kxg6 42. Kd5 Nc4 43. Bxb5 Ne3+ 44. Kc6 Nc2 45. Bd3+ 1-0

[Event "Online Olym Div3 A 2021"]
[Site "chess.com INT"]
[Date "2021.08.28"]
[Round "6.4"]
[Board "2"]
[White "Doluweera, Minul Sanjula"]
[Black "Ahn, Hongjin"]
[Result "0-1"]
[WhiteTitle "FM"]
[BlackTitle "IM"]
[WhiteElo "2129"]
[BlackElo "2298"]
[WhiteTeam "Sri Lanka"]
[BlackTeam "South Korea"]
[WhiteFideId "9910760"]
[BlackFideId "13201492"]
[EventDate "2021.08.27"]
[EventType "team"]

1. d4 Nf6 2. c4 e6 3. Nf3 d5 4. Nc3 a6 5. cxd5 exd5 6. Bg5 Be6 7. e3 Nbd7 8. Bd3
Bd6 9. Bf4 Qe7 10. O-O O-O 11. h3 Rfe8 12. a3 b6 13. Qe2 Bxf4 14. exf4 Qd6 15.
Qd2 Nf8 16. b4 Nh5 17. Ne2 Bc8 18. Rfe1 Bb7 19. Ne5 Ne6 20. Bc2 f6 21. Qd3 Nf8
22. Qf3 fxe5 23. fxe5 Qh6 24. g4 Ne6 25. gxh5 Ng5 26. Qg2 Qxh5 27. Nf4 Qh4 28.
Qg4 Qxg4+ 29. hxg4 Rf8 30. Ne2 Nf3+ 31. Kg2 Nxe1+ 32. Rxe1 c5 33. f4 Rac8 34. f5
cxb4 35. Bd3 bxa3 36. Ra1 b5 37. Rxa3 Rc7 38. e6 Rfc8 39. Kg3 h6 40. Kf4 b4 41.
Ra4 a5 42. Rxa5 Bc6 43. Ra6 Rb7 44. Ke5 b3 45. Kd6 Be8 46. Nf4 b2 47. Nxd5 Rd8+
48. Ke5 Rb5 49. Rd6 Rxd6 50. Kxd6 b1=Q 51. Bxb1 Rxb1 52. Nc7 Kf8 53. e7+ Kf7 54.
Nd5 Rd1 55. Ke5 Bc6 56. Nc3 Rc1 57. Na2 Re1+ 58. Kd6 Bf3 59. Nb4 Rxe7 0-1

[Event "Online Olym Div3 A 2021"]
[Site "chess.com INT"]
[Date "2021.08.28"]
[Round "6.4"]
[Board "3"]
[White "Eynula, Roza"]
[Black "Premanath, Dinushki"]
[Result "0-1"]
[WhiteTitle "WFM"]
[BlackTitle "WFM"]
[WhiteElo "2069"]
[BlackElo "1793"]
[WhiteTeam "South Korea"]
[BlackTeam "Sri Lanka"]
[WhiteFideId "2019531"]
[BlackFideId "9903542"]
[EventDate "2021.08.27"]
[EventType "team"]

1. d4 Nf6 2. c4 e6 3. Nc3 Bb4 4. Qc2 O-O 5. Nf3 b6 6. Bg5 h6 7. Bh4 Bb7 8. e3 d5
9. a3 Be7 10. Be2 Nbd7 11. O-O c5 12. Rfd1 Rc8 13. dxc5 Nxc5 14. cxd5 exd5 15.
Rac1 Nce4 16. Qb3 Nxc3 17. Rxc3 Rxc3 18. Qxc3 Ne4 19. Bxe7 Nxc3 20. Bxd8 Nxd1
21. Be7 Re8 22. Bd6 Nxb2 23. Bb5 Rc8 24. h3 Nc4 25. Bb4 a5 26. Be7 Bc6 27. Nd4
Bxb5 28. Nxb5 f6 29. Kf1 Kf7 30. Nd6+ Nxd6 31. Bxd6 Ke6 32. Bg3 b5 33. Ke2 Rc3 0-1

[Event "Online Olym Div3 A 2021"]
[Site "chess.com INT"]
[Date "2021.08.28"]
[Round "6.4"]
[Board "5"]
[White "Noh, Jinwoo"]
[Black "De Silva, L M S T"]
[Result "1-0"]
[BlackTitle "FM"]
[WhiteElo "1489"]
[BlackElo "2085"]
[WhiteTeam "South Korea"]
[BlackTeam "Sri Lanka"]
[WhiteFideId "13211307"]
[BlackFideId "9953698"]
[EventDate "2021.08.27"]
[EventType "team"]

1. c4 e5 2. Nc3 Nf6 3. Nf3 Nc6 4. a3 a5 5. d4 exd4 6. Nxd4 Bc5 7. e3 O-O 8. Be2
d6 9. O-O Re8 10. Nxc6 bxc6 11. Bf3 Bb7 12. e4 Nd7 13. Bf4 Ne5 14. Bxe5 dxe5 15.
Rb1 Bd4 16. Ne2 c5 17. Qc2 a4 18. Rfd1 Bc6 19. Nc3 Qb8 20. Nd5 Qa7 21. g3 Rab8
22. Rd3 Rb7 23. h4 Reb8 24. Ne7+ Kf8 25. Nxc6 Qb6 26. Nxb8 Rxb8 27. Qxa4 Qg6 28.
Kg2 f5 29. Qa7 Rb6 30. Qa8+ Ke7 31. exf5 Qxf5 32. Qe4 1-0

[Event "Online Olym Div3 A 2021"]
[Site "chess.com INT"]
[Date "2021.08.28"]
[Round "6.4"]
[Board "6"]
[White "Sanudula, K M Dahamdi"]
[Black "Cho, Yeonhee"]
[Result "1-0"]
[WhiteTitle "WCM"]
[BlackTitle "WCM"]
[WhiteElo "1717"]
[BlackElo "1423"]
[WhiteTeam "Sri Lanka"]
[BlackTeam "South Korea"]
[WhiteFideId "9932470"]
[BlackFideId "13201190"]
[EventDate "2021.08.27"]
[EventType "team"]

1. d4 d5 2. e3 e6 3. Bd3 Nf6 4. f4 c5 5. c3 c4 6. Bc2 Qb6 7. Nf3 Nbd7 8. Nbd2
Be7 9. O-O Qc7 10. Ne5 Nxe5 11. fxe5 Ng8 12. Qg4 Bf8 13. Nf3 f6 14. Qh5+ Qf7 15.
Qxf7+ Kxf7 16. Ng5+ Ke7 17. Nxh7 Bd7 18. exf6+ Nxf6 19. Ng5 Be8 20. Bd2 Kd8 21.
Nxe6+ Ke7 22. Ng5 Bd7 23. e4 dxe4 24. Nxe4 Bc6 25. Rae1 Kf7 26. Nxf6 gxf6 27.
Be4 Bxe4 28. Rxe4 Bd6 29. Bf4 Bxf4 30. Rexf4 Rh6 31. Re1 Rah8 32. h3 Re8 33.
Rxe8 Kxe8 34. Kf2 Kf7 35. Rf5 Ke6 36. Rc5 Rh7 37. Rxc4 Rd7 38. Rc5 Rd6 39. Rc7
Rb6 40. b4 1-0

[Event "Online Olym Div3 A 2021"]
[Site "chess.com INT"]
[Date "2021.08.28"]
[Round "6.5"]
[Board "1"]
[White "Song, Raymond"]
[Black "Kumar, Manoj"]
[Result "1-0"]
[WhiteTitle "IM"]
[BlackTitle "CM"]
[WhiteElo "2485"]
[BlackElo "1928"]
[WhiteTeam "Chinese Taipei"]
[BlackTeam "Fiji"]
[WhiteFideId "3203824"]
[BlackFideId "11400064"]
[EventDate "2021.08.27"]
[EventType "team"]

1. e4 e5 2. Nf3 Nf6 3. Nxe5 d6 4. Nf3 Nxe4 5. Bd3 Nf6 6. h3 d5 7. O-O Be7 8. c3
O-O 9. Bc2 Re8 10. d4 Nbd7 11. Re1 c5 12. Bf4 Nf8 13. Nbd2 Ng6 14. Bh2 c4 15.
Ne5 Nxe5 16. dxe5 Nd7 17. Nf3 Nf8 18. Nd4 Bc5 19. Qd2 a6 20. Rad1 Ne6 21. Nf5
Bd7 22. Qxd5 Bc6 23. Qxc4 Qb6 24. Qh4 h6 25. b4 Bf8 26. Nd6 Bxd6 27. exd6 Rad8
28. Qg4 Nf8 29. Bb3 Bd7 30. Qf3 Be6 31. Ba4 Nd7 32. a3 Qa7 33. Bc2 b5 34. a4 Rc8
35. axb5 axb5 36. Ra1 Qb7 37. Qxb7 1-0

[Event "Online Olym Div3 A 2021"]
[Site "chess.com INT"]
[Date "2021.08.28"]
[Round "6.5"]
[Board "2"]
[White "Sikivou, Taione"]
[Black "Liu, Yeh Yang"]
[Result "0-1"]
[WhiteTitle "CM"]
[WhiteElo "1834"]
[BlackElo "1994"]
[WhiteTeam "Fiji"]
[BlackTeam "Chinese Taipei"]
[WhiteFideId "11400153"]
[BlackFideId "16300416"]
[EventDate "2021.08.27"]
[EventType "team"]

1. e4 c5 2. Nc3 Nc6 3. Bb5 Nd4 4. Nf3 a6 5. Bd3 e6 6. O-O Qc7 7. Re1 b5 8. a4 b4
9. Nd5 exd5 10. exd5+ Be7 11. c3 Nxf3+ 12. Qxf3 d6 13. Qg3 Kf8 14. Bc2 Bf6 15.
d4 cxd4 16. Bf4 Be7 17. Rxe7 Nxe7 18. Bxd6 Qd8 19. Re1 Ra7 20. Bc5 Rd7 21. Bf5
dxc3 22. Bxd7 Bxd7 23. bxc3 bxc3 24. Qxc3 Kg8 25. Bxe7 Qb8 26. a5 h5 27. d6 Rh6
28. Qc5 h4 29. h3 Rg6 30. Kh1 Qb7 31. f3 Qb2 32. Rg1 Qd2 33. Qc7 Be6 34. Qc1 Qf2
35. Qe1 Rxg2 36. Qxf2 Rxf2 37. Bxh4 Rxf3 38. Rg3 Rf1+ 39. Kg2 Rd1 40. Be7 Rd2+
41. Kf1 Rd5 42. Ra3 f5 43. h4 Kf7 44. Kf2 g6 45. Ke3 Bd7 46. Kf4 Rd4+ 47. Kg5
Rg4+ 48. Kh6 f4 49. Rf3 Bc6 50. Rf2 f3 51. Bd8 Ke8 52. Be7 Rg2 53. Rf1 f2 54.
Bg5 Bb5 55. Rxf2 Rxf2 56. Kxg6 Kd7 57. h5 Kxd6 58. h6 Bd3+ 59. Kg7 Rg2 60. Kf6
Kc6 61. Be3 Kb5 62. Bb6 Rg6+ 63. Ke5 Rxh6 64. Kd4 Be2 65. Kc3 Rd6 66. Kc2 Kc4
67. Bc7 Rd5 68. Bb6 Bg4 69. Bc7 Bf5+ 70. Kc1 Kc3 71. Bb6 Bg4 72. Kb1 Kb3 73. Kc1
Rd1# 0-1

[Event "Online Olym Div3 A 2021"]
[Site "chess.com INT"]
[Date "2021.08.28"]
[Round "6.5"]
[Board "3"]
[White "Chen, Chi"]
[Black "Lyons, Kieran"]
[Result "1-0"]
[BlackTitle "WFM"]
[WhiteElo "1588"]
[BlackElo "1767"]
[WhiteTeam "Chinese Taipei"]
[BlackTeam "Fiji"]
[WhiteFideId "16301633"]
[BlackFideId "11400102"]
[EventDate "2021.08.27"]
[EventType "team"]

1. d4 d5 2. Nf3 f5 3. c4 c6 4. e3 Nf6 5. b3 e6 6. Be2 Nbd7 7. O-O Ne4 8. Ba3
Bxa3 9. Nxa3 Nc3 10. Qd2 Nxe2+ 11. Qxe2 O-O 12. cxd5 exd5 13. Nc2 Nf6 14. Ne5
Ne4 15. Nb4 f4 16. Nbd3 fxe3 17. fxe3 Qg5 18. Rxf8+ Kxf8 19. Rf1+ Kg8 20. Qf3
Nf6 21. Nc5 Bg4 22. Nxg4 Qxg4 23. Qf2 b6 24. Nd3 Rf8 25. Ne5 Qc8 26. Qc2 c5 27.
Rc1 Ne4 28. dxc5 bxc5 29. Qd3 Qf5 30. Nf3 d4 31. exd4 cxd4 32. Qxd4 h6 33. Qxa7
Ng5 34. Nxg5 Qxg5 35. Qc5 Qd2 36. Qc4+ Kh8 37. Qc2 Qxc2 38. Rxc2 Ra8 39. a4 Kg8
40. Rc4 1-0

[Event "Online Olym Div3 A 2021"]
[Site "chess.com INT"]
[Date "2021.08.28"]
[Round "6.5"]
[Board "4"]
[White "Sewak, Aarti"]
[Black "Shih, Ching-An"]
[Result "0-1"]
[BlackTitle "WFM"]
[WhiteElo "1412"]
[BlackElo "1582"]
[WhiteTeam "Fiji"]
[BlackTeam "Chinese Taipei"]
[WhiteFideId "11400722"]
[BlackFideId "16300653"]
[EventDate "2021.08.27"]
[EventType "team"]

1. Nf3 d5 2. g3 Nf6 3. Bg2 c6 4. d3 Bf5 5. Bg5 Nbd7 6. O-O h6 7. Be3 e5 8. h3
Bd6 9. Nh2 O-O 10. Nd2 d4 11. Bxh6 gxh6 12. Nb3 Kh7 13. Qd2 Rg8 14. Nf3 Bf8 15.
Nh4 Be6 16. Kh2 b6 17. f4 Bd5 18. fxe5 Bxg2 19. Nxg2 Nxe5 20. Qf4 Ned7 21. Nxd4
Qe7 22. Qf5+ Kh8 23. Nf4 Rg5 24. Nxc6 Qe3 25. Rf3 Qxf3 26. exf3 Rxf5 27. Nd4 Re5
28. g4 Rc8 29. c3 Nd5 30. Nxd5 Rxd5 31. f4 Bg7 32. Nf5 Rxd3 33. Rb1 Re8 34. Ng3
Ree3 35. Nf1 Re2+ 36. Kg1 Rxh3 37. Rd1 Nc5 0-1

[Event "Online Olym Div3 A 2021"]
[Site "chess.com INT"]
[Date "2021.08.28"]
[Round "6.5"]
[Board "5"]
[White "Bai, Adelard"]
[Black "Prasad, Rudr"]
[Result "1/2-1/2"]
[WhiteTitle "FM"]
[WhiteElo "2399"]
[BlackElo "1566"]
[WhiteTeam "Chinese Taipei"]
[BlackTeam "Fiji"]
[WhiteFideId "16301188"]
[BlackFideId "11401095"]
[EventDate "2021.08.27"]
[EventType "team"]

1. d4 Nf6 2. c4 g6 3. Nf3 Bg7 4. g4 Nxg4 5. e4 d6 6. Nc3 e5 7. Bg5 Nf6 8. dxe5
dxe5 9. Qxd8+ Kxd8 10. Nxe5 Be6 11. Nd5 Bxd5 12. cxd5 Ke7 13. Rc1 h6 14. Bf4 c6
15. dxc6 bxc6 16. Nxc6+ Nxc6 17. Rxc6 Rac8 18. Bd6+ Kd7 19. Rxc8 Kxc8 20. e5 Ne4
21. Bh3+ Kd8 22. Bb8 Ke7 23. Bxa7 Bxe5 24. O-O Nd2 25. Bg2 Nxf1 26. Bc5+ Ke6 27.
Bxf1 Rc8 28. Bc4+ Kf6 29. b4 Bc3 30. Ba6 Ra8 31. b5 Ke6 32. a4 Ba5 33. Bb7 Rb8
34. Bc6 f5 35. Ba7 Rc8 36. Bf3 Rc1+ 37. Kg2 Rb1 38. Bc5 Ke5 39. Bf8 h5 40. Bc5
h4 41. Be7 Ra1 42. Bxh4 Rxa4 43. Be7 Ra1 44. Bc5 Rb1 45. Bc6 Rb3 46. h3 f4 47.
Ba7 g5 48. Bb8+ Ke6 49. h4 gxh4 50. Bxf4 Bb6 51. f3 Kf5 52. Bd6 Bd8 53. Kh3 Ke6
54. Bc5 Rb2 55. Bd4 Rb4 56. Bc5 Rb2 57. Bd4 Rb4 58. Bc3 Rb3 59. Be1 Kf5 60. Bd2
Rb2 61. Bd7+ Kg6 62. Bc1 Rc2 63. Bf4 Rb2 64. Kg4 Rb4 65. Bc6 Kg7 66. Kf5 h3 67.
Be5+ Kh6 68. Be8 Rh4 69. Bh2 Rb4 70. Be5 Bg5 71. f4 Bd8 72. Kg4 h2 73. Bc6 Rb1
74. Kf5 h1=Q 75. Bxh1 Rxh1 76. Ke6 Rb1 77. Kd7 Ba5 78. Kc6 Kg6 79. Bd4 Kf5 1/2-1/2

[Event "Online Olym Div3 A 2021"]
[Site "chess.com INT"]
[Date "2021.08.29"]
[Round "7.1"]
[Board "1"]
[White "Sikivou, Taione"]
[Black "Jaiswal, Rupesh"]
[Result "0-1"]
[WhiteTitle "CM"]
[BlackTitle "FM"]
[WhiteElo "1834"]
[BlackElo "2102"]
[WhiteTeam "Fiji"]
[BlackTeam "Nepal"]
[WhiteFideId "11400153"]
[BlackFideId "12300870"]
[EventDate "2021.08.27"]
[EventType "team"]

1. e4 c5 2. Nc3 d6 3. d4 cxd4 4. Qxd4 Nc6 5. Qd2 g6 6. b3 Bh6 7. f4 Nf6 8. Bb2
O-O 9. O-O-O e5 10. g3 Re8 11. Nge2 Bg4 12. Qxd6 exf4 13. gxf4 Qxd6 14. Rxd6
Nxe4 15. Nxe4 Rxe4 16. Rd2 Bxf4 17. c4 Bxd2+ 18. Kxd2 Rd8+ 19. Ke1 Bxe2 0-1

[Event "Online Olym Div3 A 2021"]
[Site "chess.com INT"]
[Date "2021.08.29"]
[Round "7.1"]
[Board "2"]
[White "Hamal, Manish"]
[Black "Nadan, Avinesh"]
[Result "1-0"]
[WhiteTitle "FM"]
[WhiteElo "2006"]
[BlackElo "1609"]
[WhiteTeam "Nepal"]
[BlackTeam "Fiji"]
[WhiteFideId "12300110"]
[BlackFideId "11401737"]
[EventDate "2021.08.27"]
[EventType "team"]

1. d4 d5 2. Nf3 Nf6 3. c4 e6 4. g3 Bb4+ 5. Bd2 Bxd2+ 6. Nbxd2 c6 7. Bg2 Nbd7 8.
O-O O-O 9. Qc2 b6 10. Rfd1 Bb7 11. e4 Rc8 12. e5 Ng4 13. Rac1 c5 14. h3 Nh6 15.
dxc5 Rxc5 16. Qa4 a6 17. cxd5 Rxc1 18. Rxc1 Nc5 19. Qc2 Bxd5 20. b4 Nd7 21. Qa4
Nb8 22. a3 Nf5 23. Qc2 b5 24. Nb3 Nc6 25. Rd1 Qb6 26. g4 Ng3 27. Nc5 Bxf3 28.
Bxf3 Nxe5 29. Bg2 Nc4 30. Rd3 Nf5 31. gxf5 Rc8 32. fxe6 fxe6 33. Rd7 Ne5 34. Rd4
Nc6 35. Rd6 Nxb4 36. Rxb6 Nxc2 37. Nxe6 Nxa3 38. Rxa6 b4 39. Ra7 g6 40. Rb7 Nc2
41. Nc7 Kh8 42. Nd5 Rc4 43. Nf6 Rh4 44. Kh2 Nd4 45. Ng4 b3 46. Be4 h5 47. Nf6
Rf4 48. Rh7# 1-0

[Event "Online Olym Div3 A 2021"]
[Site "chess.com INT"]
[Date "2021.08.29"]
[Round "7.1"]
[Board "3"]
[White "Lyons, Kieran"]
[Black "Lohani, Sujana"]
[Result "0-1"]
[WhiteTitle "WFM"]
[BlackTitle "WFM"]
[WhiteElo "1767"]
[BlackElo "1675"]
[WhiteTeam "Fiji"]
[BlackTeam "Nepal"]
[WhiteFideId "11400102"]
[BlackFideId "12311987"]
[EventDate "2021.08.27"]
[EventType "team"]

1. e4 g6 2. d4 Bg7 3. Nf3 d6 4. h3 c6 5. Nc3 b5 6. a3 a6 7. Be3 Nd7 8. Be2 Bb7
9. O-O Rc8 10. Nh2 c5 11. d5 h5 12. f4 Ngf6 13. Bd3 c4 14. Be2 Nc5 15. Bf3 O-O
16. g4 hxg4 17. hxg4 e6 18. g5 Ne8 19. Ng4 exd5 20. exd5 f6 21. Nh6+ Bxh6 22.
gxh6 Kh7 23. Qe1 f5 24. Bd4 Nf6 25. Qh4 Nfe4 26. Qxd8 Rcxd8 27. Bg7 Rf7 28. Nxe4
fxe4 29. Bg4 Bxd5 30. Rad1 Be6 31. Be2 d5 32. b4 Nb7 33. c3 Nd6 34. Kg2 Nf5 35.
Be5 Ne3+ 36. Kf2 Nxd1+ 37. Bxd1 g5 38. Rh1 gxf4 39. Bc2 Rf5 40. Rh4 Rxe5 0-1

[Event "Online Olym Div3 A 2021"]
[Site "chess.com INT"]
[Date "2021.08.29"]
[Round "7.1"]
[Board "4"]
[White "Adhikari, Kritisara"]
[Black "Sewak, Aarti"]
[Result "0-1"]
[WhiteElo "1445"]
[BlackElo "1412"]
[WhiteTeam "Nepal"]
[BlackTeam "Fiji"]
[WhiteFideId "12315583"]
[BlackFideId "11400722"]
[EventDate "2021.08.27"]
[EventType "team"]

1. d4 Nf6 2. Bf4 d6 3. e3 Bf5 4. Bd3 Qd7 5. Nf3 Nd5 6. Bg3 Bxd3 7. Qxd3 Nb4 8.
Qd2 a5 9. a3 N4c6 10. c4 e6 11. Nc3 g6 12. h3 Bg7 13. O-O h6 14. Rab1 f5 15. Qd3
g5 16. Bh2 Bf6 17. Rfe1 O-O 18. d5 exd5 19. Qxd5+ Kg7 20. Rbd1 g4 21. hxg4 fxg4
22. Nd4 Ne7 23. Qxb7 Nbc6 24. Nxc6 Nxc6 25. Qb3 Qf5 26. Rd5 Be5 27. Bxe5+ dxe5
28. Re2 g3 29. f3 Qh5 30. Rd7+ Kg6 31. Qc2+ Rf5 32. Re1 Qh2+ 33. Kf1 Qh1+ 34.
Ke2 Qxg2+ 35. Kd1 Qxf3+ 36. Kc1 Rf8 37. Qd3 Qf2 38. Qd1 R8f6 39. Qg4+ Rg5 40.
Qe4+ Qf5 41. Qxf5+ Rgxf5 42. Rxc7 g2 43. Ne4 Re6 44. Ng3 Rf3 45. Ne2 Rf1 46. Kd1
Rd6+ 47. Kc2 Rxe1 0-1

[Event "Online Olym Div3 A 2021"]
[Site "chess.com INT"]
[Date "2021.08.29"]
[Round "7.1"]
[Board "5"]
[White "Prasad, Rudr"]
[Black "Kusatha, Niken"]
[Result "1-0"]
[WhiteElo "1566"]
[BlackElo "1984"]
[WhiteTeam "Fiji"]
[BlackTeam "Nepal"]
[WhiteFideId "11401095"]
[BlackFideId "12314560"]
[EventDate "2021.08.27"]
[EventType "team"]

1. c4 Nf6 2. g3 e6 3. Bg2 d5 4. cxd5 exd5 5. d4 Be7 6. Nc3 O-O 7. Bg5 c6 8. e3
Bf5 9. Qb3 Na6 10. a3 b5 11. Nf3 b4 12. Bxf6 bxc3 13. Bxe7 cxb2 14. Qxb2 Qxe7
15. O-O Rab8 16. Qe2 Rb6 17. Rfc1 f6 18. Nh4 Be4 19. f3 Bg6 20. Nxg6 hxg6 21.
Rc3 Nb8 22. Rac1 Qb7 23. e4 Rb2 24. Qd3 Qb6 25. exd5 Rd8 26. f4 cxd5 27. Rc5 Kh7
28. Bxd5 Nd7 29. Bf7 f5 30. g4 Nxc5 31. Qh3# 1-0

[Event "Online Olym Div3 A 2021"]
[Site "chess.com INT"]
[Date "2021.08.29"]
[Round "7.1"]
[Board "6"]
[White "Pudasaini, Aava"]
[Black "Prasad, Tanvi"]
[Result "0-1"]
[WhiteElo "1379"]
[BlackElo "1165"]
[WhiteTeam "Nepal"]
[BlackTeam "Fiji"]
[WhiteFideId "12311995"]
[BlackFideId "11401117"]
[EventDate "2021.08.27"]
[EventType "team"]

1. e4 e5 2. Nf3 Nf6 3. Nc3 Nc6 4. Bc4 Bc5 5. h3 O-O 6. a3 a6 7. O-O d6 8. d3 h6
9. Be3 Bxe3 10. fxe3 Qe7 11. Nd5 Nxd5 12. Bxd5 Nd8 13. Ba2 Be6 14. Qe2 Bxa2 15.
Rxa2 Ne6 16. c3 Ng5 17. Raa1 Nxf3+ 18. Qxf3 Qd7 19. d4 exd4 20. exd4 Rab8 21.
Rf2 c5 22. d5 Rfe8 23. Raf1 Re7 24. c4 Rbe8 25. Re2 Qa4 26. Qd3 b5 27. Rc1 bxc4
28. Qxc4 Qxc4 29. Rxc4 f5 30. Ra4 fxe4 31. Rxa6 Rd8 32. Ra4 e3 33. Rg4 Re5 34.
Kh2 Kh7 35. Rg3 Rde8 36. a4 Rxd5 37. Rexe3 Rxe3 38. Rxe3 Rd4 39. b3 Rb4 40. Rd3
Rb6 41. Kg3 Kg6 42. Kf4 Kf6 43. Kg4 g6 44. Kf4 Rb4+ 45. Ke3 Ke5 46. Kf3 h5 47.
Re3+ Kf5 48. Rd3 Rb6 49. Rd5+ Ke6 50. Rd3 g5 51. g3 d5 52. Ke3 Ke5 53. Kf3 Rb4
54. Re3+ Kf5 55. Rc3 g4+ 56. hxg4+ hxg4+ 57. Kg2 Ke5 58. Re3+ Kd4 59. Re7 Rxb3
60. Rg7 Ke5 61. Rxg4 Ra3 62. Kh2 d4 63. Rg5+ Kd6 64. Rg6+ Kd5 65. Rg5+ Kc4 66.
Kh3 d3 67. Rg4+ Kc3 68. Rf4 c4 69. Rf3 Kc2 0-1

[Event "Online Olym Div3 A 2021"]
[Site "chess.com INT"]
[Date "2021.08.29"]
[Round "7.2"]
[Board "1"]
[White "Liyanage, Ranindu Dilshan"]
[Black "Song, Raymond"]
[Result "1/2-1/2"]
[WhiteTitle "CM"]
[BlackTitle "IM"]
[WhiteElo "2203"]
[BlackElo "2485"]
[WhiteTeam "Sri Lanka"]
[BlackTeam "Chinese Taipei"]
[WhiteFideId "9915834"]
[BlackFideId "3203824"]
[EventDate "2021.08.27"]
[EventType "team"]

1. e4 c5 2. Nf3 d6 3. d4 cxd4 4. Nxd4 Nf6 5. Nc3 a6 6. Be3 e5 7. Nde2 Be6 8. f4
Nbd7 9. f5 Bc4 10. Nc1 Bxf1 11. Rxf1 Be7 12. Nb3 b5 13. a3 Rc8 14. g4 Rxc3 15.
bxc3 Nxe4 16. Qd3 Bh4+ 17. Ke2 Ndf6 18. Nd2 d5 19. Rg1 Qc8 20. Nxe4 Nxe4 21. Bd2
O-O 22. Raf1 h6 23. Be1 Bxe1 24. Kxe1 Qd8 25. f6 Nxf6 26. g5 Ne4 27. h4 Qd6 28.
Rg4 Qxa3 29. gxh6 Qc1+ 30. Ke2 Qxh6 31. Rfg1 g6 32. Kf3 Qh5 33. Ke3 Kg7 34. Qxd5
Nf6 35. Qf3 Nxg4+ 36. Rxg4 Rd8 37. Qe4 Rd6 38. Rg5 Qd1 39. Qxe5+ Rf6 40. h5 Qe1+
41. Kd4 Qf2+ 42. Kd5 Qf3+ 43. Kc5 Qc6+ 44. Kb4 a5+ 45. Kb3 a4+ 46. Kb2 Qd6 47.
Qxb5 a3+ 48. Ka2 Qd1 49. Qe5 Qxc2+ 50. Kxa3 Qc1+ 51. Kb3 Qb1+ 52. Kc4 Qa2+ 53.
Kd3 Qb1+ 54. Kc4 Qf1+ 55. Kb3 Qd1+ 56. Kb2 Qd2+ 57. Kb3 Qd1+ 58. Kb2 Qf1 59.
hxg6 fxg6 60. Rg3 Qf2+ 61. Kb3 Qb6+ 62. Kc2 Qf2+ 63. Kb3 Qb6+ 64. Kc4 Qc6+ 65.
Kd3 Kf7 66. c4 Qd6+ 67. Qxd6 Rxd6+ 68. Ke4 Kf6 69. c5 Rd1 70. Rc3 Ke7 71. c6 Kd8
72. Ke5 Kc7 73. Ra3 Kxc6 74. Ra6+ 1/2-1/2